| 000 | 00928nam a22002417a 4500 | ||
|---|---|---|---|
| 003 | UA-OsUOA | ||
| 001 | 69241 | ||
| 007 | ta | ||
| 008 | 20100614b un ||||| |||| 00| 0 ukr d | ||
| 100 | _aСкуратович І.М. | ||
| 090 |
_a35.071.5(091)(477) _bС46 |
||
| 942 | _cBK | ||
| 040 |
_aUA-OsUOA _bukr _cUA-OsUOA _dUA-OsUOA |
||
| 245 |
_aАдміністративно-територіальний устрій України в 1920-1930-х рр. і його впливи на організацію державного управління: історико-правове дослідження _bмонографія |
||
| 300 | _a192 с. | ||
| 955 | _a1 | ||
| 041 | _aukr | ||
| 080 | _a35.071.5(091)(477) | ||
| 020 | _a966-8184-07-6 | ||
| 260 |
_aХарків _c2004 |
||
| 650 | 7 |
_a35 Державно-адміністративне управління. Військова справа _2UDC |
|
| 999 |
_c355504 _d355504 |
||